Statistiques concernant Discours anneau unique - LOTR

Cliquez ici pour prendre le quiz!

Statistiques générales

  • Ce quiz a été pris 96 fois
    (83 depuis la dernière actualisation)
  • Le résultat moyen est 47 sur 76

Statistiques - réponses

Paroles% Correct
Anneau
98%
Anneau
98%
Anneau
98%
le
94%
le
94%
les
91%
les
91%
les
91%
les
91%
les
91%
les
91%
les
91%
les
91%
les
91%
les
91%
pour
91%
pour
91%
pour
91%
pour
91%
pour
91%
pour
91%
pour
91%
Un
91%
Un
91%
Un
91%
Un
91%
tous,
88%
tous
88%
gouverner
84%
Ténèbres
78%
ténèbres
78%
de
77%
de
77%
de
77%
nains
73%
dans
72%
dans
72%
elfes
72%
hommes
72%
Et
70%
Trois
70%
des
67%
Seigneur
67%
Neuf
66%
Sept
66%
lier
64%
Anneaux
61%
seigneurs
56%
rois
47%
trouver
45%
leurs
41%
Au
31%
au
31%
Au
31%
pierre,
31%
amener
30%
Mordor
30%
Mordor
30%
sombre
30%
son
30%
sous
30%
ombres.
27%
ombres
27%
ciel,
23%
demeures
23%
mortels
23%
23%
23%
pays
22%
pays
22%
déstinés
20%
trepas,
20%
sur
19%
trône,
19%
s'étendent
16%
s'étendent
16%

Distribution des résultats

Percentile par nombre de réponses

% des personnes avec chaque résultat

Votre développement - résultats

Vous n’avez pas pris ce quiz depuis la dernière actualisation